000
00261nam a2200109Ia 4500
008
200302s9999 xx 000 0 und d
100
_a
Neil Par kyn
245
_a
Wonders of World Architecture
260
_b
Thames and Hudson Ltd.
260
_c
2009
300
_a
304
999
_c
3717
_d
3717